000 00259nam a22000977a 4500
008 160512b xxu||||| |||| 00| 0 eng d
041 _aeng
080 _a612.39
245 _aFood microbiology protocols:
_cJohn Spencer; Alicia Ragout de Spencer;
942 _2udc
_cBK
999 _c2120
_d2120